000 00297nam a22000977a 4500
008 240902b |||||||| |||| 00| 0 eng d
020 _a9789355573711
100 _aSharma Mohan Madan
_97798
245 _aApplies English Grammar and Composition-XI And X
260 _aNew Delhi
_bNew Saraswati House
_c2023
999 _c12644
_d12644